Prénoms maghrébins filles les plus donnés - Statistiques

Statistiques générales
  • Ce quiz a été pris 3 298 fois
  • Le résultat moyen est 12 sur 59
Statistiques - réponses
Réponse % Correct
Sara
65%
Ines
62%
Fatima
58%
Lina
53%
Yasmine
47%
Noûr
39%
Aïcha
35%
Aya
31%
Amina
30%
Sofia
30%
Assia
29%
Kenza
28%
Khadija
28%
Leïla
26%
Myriam
25%
Sarah
25%
Selma
23%
Asma
22%
Samira
22%
Sana
22%
Maïssa
21%
Manel
21%
Rania
21%
Amel
20%
Nadia
20%
Samia
20%
Amira
19%
Chaïma
19%
Imane
19%
Mariam
19%
Farah
18%
Anissa
17%
Dounia
17%
Hana
17%
Jasmine
17%
Karima
17%
Alya
16%
Anna
16%
Camélia
16%
Sonia
14%
Zineb
14%
Mouna
13%
Safia
13%
Yousra
13%
Soukaïna
12%
Dina
10%
Maryam
10%
Célia
8%
Yamina
8%
Mounia
7%
Hanane
6%
Nabila
6%
Hasna
4%
Jennah
4%
Lya
4%
Norah
4%
Donia
3%
Ilyana
3%
Shéhérazade
1%
Aucun quiz correspondant
Distribution des résultats
% des personnes avec chaque résultat
Percentile par nombre de réponses
Votre historique - résultats
Vous n’avez pas pris ce quiz